| 000 | 00444nam a2200145 4500 | ||
|---|---|---|---|
| 999 |
_c512430 _d512430 |
||
| 008 | 191122b ||||| |||| 00| 0 eng d | ||
| 100 |
_aProost, Stef _913679 |
||
| 245 | _aWhat can be learned from spatial economics? | ||
| 260 | _bJournal of Economic Literature | ||
| 300 | _a57(3), Sep, 2019: p.575-643. | ||
| 700 |
_aThisse, Jacques- Francois _913680 |
||
| 773 | _aJournal of Economic Literature | ||
| 906 | _aEconomics | ||
| 942 |
_2ddc _cAR |
||